Statistiques concernant Les pays ayant remportés l'euro sur une carte

Cliquez ici pour prendre le quiz!

Statistiques générales

  • Ce quiz a été pris 235 fois
  • Le résultat moyen est 8 sur 10

Réponses sur la Carte

Les réponses sont colorées sur une échelle allant du rouge au vert en fonction du pourcentage des utilisateurs qui les ont devinées à leur premier essai. Vous pouvez retrouver ces pourcentages ci-dessous.
 

Statistiques - réponses

Réponse% Correct
1984-France
100%
1968-Italie
99%
19801972Allemagne
98%
20081964Espagne
98%
--Portugal
98%
--Grece
89%
--Pays-bas
85%
--Danemark
69%
--URSS
50%
--Tchécoslovaquie
26%

Distribution des résultats

Percentile par nombre de réponses

% des personnes avec chaque résultat

Votre développement - résultats

Vous n’avez pas pris ce quiz